Words In Presidential Surnames Quiz Stats

 Plays Quiz not verified by Sporcle

Support Sporcle.
Go Orange.
Score 0/16 Timer 05:00
0 Plays Today
% Correct
Barack Obama
98.5%
Richard Nixon
94.2%
Bill Clinton
93.7%
George W. Bush
92.6%
George Washington
85.3%
Jimmy Carter
85.3%
Andrew Jackson
76.6%
Dwight Eisenhower
74.3%
% Correct
Gerald Ford
72.3%
John Adams
61.8%
Grover Cleveland Alexander
60.3%
James Madison
59.2%
Franklin Pierce
58.8%
Ulysses S. Grant
58.5%
Rutherford Hayes
53.1%
James Garfield
46.7%

You're not logged in!

Compare scores with friends on all Sporcle quizzes.
OR
Log In

From the Vault

Fictional Universes By Quote

by ijesse

May the odds be ever in your favor...or not. It's cool either way.
Remove Ads.
Support Sporcle.
Get the best of Sporcle when you Go Orange. This ad-free experience offers more features, more stats, and more fun while also helping to support Sporcle. Thank you for becoming a member.

Show Comments

Extras

Top Quizzes Today


Score Distribution

Your Account Isn't Verified!

In order to create a playlist on Sporcle, you need to verify the email address you used during registration. Go to your Sporcle Settings to finish the process.

Report this User

Report this user for behavior that violates our Community Guidelines.

Details: